00753nam a2200181 a 450000100100000000500170001000800410002704000250006808200090009310000270010224500640012926000540019330000280024749000450027583000520032095201820037299900170055400003485220200930073937.0111020s1949 fr a 000 0 spa d aDO-SdBNPbspacBNPHU axxxx1 aMabille, Pierre96038210aInitiation a la connaissance de l' homme /cPierre Mabille. aParis :bPresses Universitaires de France,c1949. a202 p. :bil. ;c23 cm.1 aBiblioteque de philosophie contemporaine 0aBiblioteque de philosophie contemporaine960383 001050718MOaGRbGRcCTd2011-10-20iLF1l0oxxxx p34852-10r2020-06-25w2020-06-25y1zPerteneció a la biblioteca personal de Juan Isidro Jimenes Grullón.ZNo se presta c34343d34343